zpět

Detail výsledku týmu

Bridge Bar, Týn nad Vltavou

Datum a čas kvízu

30 Celkem bodů Celkový počet nahraných bodů na tomto kvízu bez doplňovacích otázek.
11. Pořadí na kvízu Konečné umístění týmu na tomto kvízu.

Zaznamenané odpovědi

# Otázka Odpověď Body Výsledky
1. Pro záslužný čin se rozhodlo v... z Běloruska 1
2. Syn jednoho amerického politik... Donald Trump (mladší) 1
3. V pondělí spustila Prima nový... Prima Show 1
4. Současný trhák streamovací tel... Squid 0
5. Polský fotbalový klub z nižší... B 0
6. Pojďme se společně chvíli troc... Vilém 0
7. I v nevinně vypadajících hračk... Annabelle 0
8. Máloco člověku způsobilo takov... A) Doktor Spánek 0
9. Dokážete správně přiřadit tyto... 1A 2D 3B 4C 1
10. Čas od času se prý na rožmbers... Perchta (z Rožmberka) 1